Quiz o Górnym Śląsku - Statystyki

Ogólne statystyki
  • Ten quiz został rozwiązany 44 razy
  • Średni wynik to 8 z 15
Statystyki odpowiedzi
Pytanie Odpowiedź % Poprawnych
Największe miasto Katowice
100%
Górny Śląsk leży nie tylko w Polsce ale też w innym państwie. Jakim? Czechy
92%
Państwo które dzieliło Górny Śląsk z Polską w dwudziestoleciu międzywojennym Niemcy
84%
Największe miasto w części Górnego Śląska powyższego państwa Ostrawa
84%
Jakie miasto leży na Górnym Śląsku i jest dzielone między Polskę a państwo z pytania 3? Cieszyn
78%
Państwo graniczące z Górnym Śląskiem i nie będące w jego granicach Słowacja
73%
Jakie dwa województwa Polski leżą na Górnym Śląsku? (zapisz w kolejności alfabetycznej) Opolskie, śląskie
65%
Stolica Opole
57%
Seria trzech powstań między ludnością polską a niemiecką odbywająca się na Górnym Śląsku w latach 1919-1921 Powstania Śląskie
51%
Rzeka przepływająca przez Górny Śląsk Odra
46%
Popularna zupa na Górnym Śląsku będąca chlebem na wodzie Wodzionka
38%
Część Górnego Śląska przekazana Polsce w 1938 roku Zaolzie
27%
Aglomeracja leżąca w Górnym Śląsku w której są takie miasta jak Gliwice, Zabrze czy Ruda Śląska Konurbacja Górnośląska
22%
Manifestacja odbywająca się na Górnym Śląsku od 2007 roku w celu przywrócenia autonomii dla Górnego Śląska Marsz Autonomii
5%
Jak nazywała się wtedy część Górnego Śląska powyższego państwa? Ostoberschlesien
0%
Nie znaleziono quizów pasujących do podanych kryteriów
Rozkład punktacji
Procent ludzi z każdym wynikiem
Percentyl według liczby udzielonych odpowiedzi
Twoja historia wyników
Nie rozwiązałeś tego quizu